000 00580cab a2200229 4500
001 X2284
008 090401t1995 xxu||||| |||| 00| 0 eng d
035 _a(Sirsi) u23135
041 _aeng
245 _aRICS backs agreement on privity
260 _c1995
350 _a0
490 _aCSM (Chartered Surveyor Monthly)
_v4(7) May 1995, 3(1)
650 _aBPF
650 _aBRC
650 _aLANDLORD AND TENANT ACT 1927 S19
650 _aPRIVITY OF CONTRACT
650 _aRICS
690 _aLANDLORD AND TENANT-BUSINESS TENANCIES
942 _n0
948 _c04/03/1997
999 _c15492
_d15492